Statistics for College Football 2022-23 AP Rankings

Click here to take the quiz!

General Stats

  • This quiz has been taken 261 times
    (233 since last reset)
  • The average score is 28 of 39

Answer Stats

RankingTeam% Correct
1Alabama
98%
3Georgia
98%
8Michigan
95%
2Ohio State
94%
NRTexas
93%
14USC
87%
4Clemson
86%
NRFlorida
86%
11Oregon
85%
NRTCU
85%
NRLSU
84%
9Oklahoma
82%
NRPenn State
82%
NRTennessee
82%
NRFlorida State
81%
NRWashington
80%
NRUCLA
77%
5Notre Dame
76%
15Michigan State
74%
6Texas A&M
74%
7Utah
73%
NRKansas
70%
12Oklahoma State
70%
20Kentucky
68%
21Ole Miss
65%
NRKansas State
63%
16Miami
61%
18Wisconsin
61%
10Baylor
59%
23Cincinnati
59%
19Arkansas
58%
13North Carolina State
55%
25BYU
52%
NRMississippi State
50%
NRSyracuse
50%
NRMinnesota
45%
24Houston
43%
22Wake Forest
41%
17Pittsburgh
32%

Score Distribution

Percentile by Number Answered

Percent of People with Each Score

Your Score History

You have not taken this quiz since the last reset